000 00340nam a22001457a 4500
008 210526b ||||| |||| 00| 0 eng d
020 _a0874845424
041 _aeng
080 _23rd
_a37
082 _a37
100 _a46
101 _aEDU
245 _aGroup Processes An Introduction to Group Dynamics
_cJoseph Luft
942 _2udc
_cBK
999 _c57619
_d57619